[Event "Lublin"]
[Site "Lublin"]
[Date "1974.??.??"]
[Round "10"]
[White "Pytel, Krzysztof"]
[Black "Sydor, Andrzej"]
[Result "1/2-1/2"]
[WhiteElo "2405"]
[BlackElo "2395"]

1.d4 d5 2.c4 c6 3.Nf3 Nf6 4.Nc3 e6 5.e3 Nbd7 6.Bd3 dxc4 7.Bxc4 b5 8.Bd3 Bb7
9.O-O a6 10.e4 c5 11.d5 exd5 12.e5 Ne4 13.Re1 Nxc3 14.bxc3 Be7 15.e6 fxe6
16.Rxe6 O-O 17.Qc2 Nf6 18.Bg5 h6 19.Bh7+ Nxh7 20.Bxe7 Qc8 21.Bxf8 Qxe6  1/2-1/2

[Event "FRG-ch"]
[Site "Menden"]
[Date "1974.??.??"]
[Round "?"]
[White "Lieb, Harald"]
[Black "Wockenfuss, Klaus"]
[Result "1/2-1/2"]
[WhiteElo "2200"]
[BlackElo "2200"]

1.d4 Nf6 2.c4 e6 3.Nf3 d5 4.Nc3 c6 5.e3 Nbd7 6.Bd3 Bb4 7.O-O O-O 8.Qc2 Qe7
9.e4 dxc4 10.Bxc4 e5 11.a3 Bd6 12.Be3 exd4 13.Bxd4 Ne5 14.Be2 Bg4 15.Nxe5 Bxe5
16.Rad1 Bxe2 17.Qxe2 Rfd8 18.Bxe5 Qxe5 19.f4 Qa5 20.e5 Nd5 21.Ne4 Qb6+ 22.Kh1 Qe3
23.Qc4 Nb6 24.Qb4 Rxd1 25.Rxd1 Nd5 26.Qxb7 Rf8 27.Qxc6 Nxf4 28.Qc2 h6 29.Nc5 Re8
30.Nd7 h5 31.Qa4 Rc8 32.h3 Nd3 33.Rf1  1/2-1/2

[Event "Nice olm prel"]
[Site "Nice"]
[Date "1974.??.??"]
[Round "1"]
[White "Ornstein, Axel"]
[Black "Unzicker, Wolfgang"]
[Result "1/2-1/2"]
[WhiteElo "2430"]
[BlackElo "2535"]

1.c4 Nf6 2.Nc3 e6 3.Nf3 d5 4.d4 c6 5.e3 a6 6.a4 c5 7.cxd5 exd5 8.Be2 Nc6
9.O-O Bd6 10.b3 O-O 11.dxc5 Bxc5 12.Ba3 Bxa3 13.Rxa3 Qa5 14.Qd2 Bg4 15.Rd1 Rfd8
16.Nd4 Rac8 17.Bxg4 Nxg4 18.Nce2 Qxd2 19.Rxd2 Nxd4 20.Rxd4 Rc2 21.Rxg4 Rxe2
22.h4 Rc8 23.Ra1 Rcc2 24.Rf4 Red2 25.a5 Rd3 26.Rb4 Rc7 27.Rb6 h5 28.Ra4 Rd2
29.g3 g6 30.Kg2 Kg7 31.Rf4 Ra2 32.b4 Rb2 33.Rd6 Rc4 34.Rb6 Rc7 35.Kg1 Rc1+
36.Kh2 Rc4 37.Rxb7 Rxf4 38.gxf4 Rxf2+ 39.Kg3 Rb2 40.f5 Kf6 41.fxg6  1/2-1/2

[Event "Nice olm fin-B"]
[Site "Nice"]
[Date "1974.??.??"]
[Round "2"]
[White "Bleiman, Yaacov"]
[Black "Roehrl, Karl"]
[Result "1/2-1/2"]
[WhiteElo "2450"]
[BlackElo "2365"]

1.d4 d5 2.c4 c6 3.Nf3 Nf6 4.e3 e6 5.Nc3 Nbd7 6.Bd2 Bd6 7.Be2 O-O 8.Qc2 Re8
9.h3 a6 10.O-O dxc4 11.Bxc4 b5 12.Be2 c5 13.dxc5 Bxc5 14.Ng5 Bb7 15.Rad1 Rc8
16.Qb1 h6 17.Nge4 Bf8 18.Bf3 Qb6 19.Nxf6+ Nxf6 20.e4 Bc5 21.Ne2 Red8 22.b4 Bf8
23.Be3 Qc7 24.Rc1 Qb8 25.a3 Qa8 26.Bb6 Re8 27.Ng3 Bd6 28.Rce1 Be5 29.Nh5 Nxh5
30.Bxh5 Rc4 31.Bf3 Rec8 32.Re2 Bd4 33.Bxd4 Rxd4 34.Re3 Qb8 35.Rc1 Rdc4 36.Rxc4 Rxc4
37.Be2 Rc6 38.e5 Qc7 39.Qd3 Rc1+ 40.Kh2 Bd5 41.Qd4 f5 42.f4 Kh7 43.Rg3 Re1
44.Qd2 Qc1  1/2-1/2

[Event "Nice olm fin-B"]
[Site "Nice"]
[Date "1974.??.??"]
[Round "2"]
[White "Kolbak, Jens"]
[Black "Ulrichsen, Jarl Henning"]
[Result "1/2-1/2"]
[WhiteElo "2200"]
[BlackElo "2330"]

1.d4 d5 2.c4 e6 3.Nc3 c6 4.Nf3 Nf6 5.e3 Nbd7 6.Bd3 Bd6 7.O-O O-O 8.Bd2 Re8
9.h3 e5 10.dxe5 Nxe5 11.Nxe5 Rxe5 12.Qf3 dxc4 13.Bxc4 Rc5 14.Bb3 Bc7 15.Rad1 Qd6
16.Qf4 Qe7 17.Qf3 Bf5 18.e4 Bc8 19.Bf4 Bxf4 20.Qxf4 Be6 21.Bxe6 fxe6 22.Qd6 Qxd6
23.Rxd6 Kf7 24.f4 Ke7 25.e5 Nd5 26.Rd1 Rf8 27.g3 Rc4 28.h4 h6 29.Rd3 g5 30.hxg5 hxg5
31.Ne2 Re4 32.Nd4 gxf4 33.Rxe6+ Kd7 34.Rd6+ Kc8 35.Ne6 Rg8 36.Kf2 Rxe5 37.gxf4 Rf5
38.Kf3 Rf6 39.Ke4 Re8 40.f5 Rh6  1/2-1/2

[Event "Nice olm fin-B"]
[Site "Nice"]
[Date "1974.??.??"]
[Round "4"]
[White "Yanofsky, Daniel Abraham"]
[Black "Beyen, Roland"]
[Result "1-0"]
[WhiteElo "2435"]
[BlackElo "2265"]

1.d4 d5 2.c4 c6 3.Nc3 Nf6 4.Nf3 e6 5.e3 Be7 6.Bd3 dxc4 7.Bxc4 b5 8.Bd3 a6
9.O-O O-O 10.e4 c5 11.dxc5 b4 12.Na4 Qa5 13.Nb6 Ra7 14.Nc4 Qc7 15.Qc2 h6
16.Nb6 Nbd7 17.Qe2 Nxc5 18.Nxc8 Rxc8 19.Be3 a5 20.Rac1 Qd8 21.Rfd1 Rd7 22.Ne5 Nxd3
23.Rxc8 Qxc8 24.Nxd7 Nxb2 25.Nb6 Qc3 26.Rc1 Qa3 27.Rb1 Na4 28.Nxa4 Qxa4 29.f3 Nd7
30.Rc1 Bf6 31.Qc4 Ne5 32.Qc2 Qb5 33.h3 a4 34.f4 Qd3 35.Qd2 Qxd2 36.Bxd2 Nd3
37.Rc8+ Kh7 38.e5 Bh4 39.Kf1 b3 40.axb3 axb3 41.Rb8 Nc5 42.Be3 Ne4 43.Ke2 g5
44.fxg5 Nxg5 45.Rxb3 Ne4 46.Kf3 Ng3 47.Rb7 Kg6 48.Bf2  1-0

[Event "Nice olm fin-B"]
[Site "Nice"]
[Date "1974.??.??"]
[Round "9"]
[White "Ogaard, Leif"]
[Black "Durao, Joaquim"]
[Result "1-0"]
[WhiteElo "2430"]
[BlackElo "2360"]

1.d4 d5 2.c4 c6 3.Nf3 Nf6 4.Nc3 e6 5.e3 Nbd7 6.Bd3 dxc4 7.Bxc4 b5 8.Bd3 a6
9.e4 c5 10.d5 e5 11.b3 Bd6 12.O-O Nf8 13.a4 b4 14.Ne2 Ng6 15.Nd2 Nh5 16.Nc4 O-O
17.Ng3 Nhf4 18.Nf5 Nxd3 19.Qxd3 Bxf5 20.exf5 Nf4 21.Bxf4 exf4 22.Rae1 Ra7
23.Re2 Rd7 24.g3 Qf6 25.Rfe1 g6 26.fxg6 hxg6 27.Re8 Rxe8 28.Rxe8+ Kg7 29.Nb6 fxg3
30.hxg3 Rb7 31.a5 Be5 32.Qxa6 Bd4 33.Qe2 Ra7 34.Nc4 Qg5 35.Qf3 Ra6 36.d6 Ra7
37.Kg2 Qf6 38.Qxf6+ Bxf6 39.Kf3 Bd4 40.Ke4 Bxf2 41.Ne5  1-0

[Event "Nice olm fin-B"]
[Site "Nice"]
[Date "1974.??.??"]
[Round "13"]
[White "Rath, Ulrik"]
[Black "Silva, Fernando"]
[Result "0-1"]
[WhiteElo "2200"]
[BlackElo "2290"]

1.d4 d5 2.c4 e6 3.Nc3 c6 4.e3 Nf6 5.Nf3 Nbd7 6.Bd3 dxc4 7.Bxc4 b5 8.Bd3 Bb7
9.e4 b4 10.Na4 c5 11.e5 Nd5 12.O-O cxd4 13.Re1 Be7 14.Bd2 O-O 15.a3 a5 16.Nxd4 Rc8
17.Qg4 Kh8 18.Qh3 g6 19.Nxe6 fxe6 20.Bxg6 Bh4 21.Re4 Nf4 22.Rxf4 Rxf4 23.Bxf4 hxg6
24.Rd1 Bd5 25.g3 Rc4 26.axb4 axb4 27.b3 Re4 28.f3 Rxf4 29.gxf4 Kg7 30.Rd3 Be7
31.Qf1 Qf8 32.Qc1 Qf5 33.Qd2 g5 34.Rd4 Qb1+ 35.Kf2 Qxb3 36.Qd1 Qxd1 37.Rxd1 gxf4
38.Rd4 Nb6 39.Rxd5 exd5  0-1

[Event "Nice olm fin-B"]
[Site "Nice"]
[Date "1974.??.??"]
[Round "13"]
[White "Kristinsson, Jon"]
[Black "Najar, C."]
[Result "1-0"]
[WhiteElo "2355"]
[BlackElo "2200"]

1.d4 Nf6 2.c4 e6 3.Nf3 d5 4.Nc3 c6 5.e3 Bd6 6.Bd3 O-O 7.O-O Nbd7 8.e4 dxe4
9.Nxe4 Nxe4 10.Bxe4 f5 11.Bc2 e5 12.Ng5 Nf6 13.c5 Bc7 14.Bb3+ Nd5 15.dxe5 Bxe5
16.Re1 Bf6 17.Qh5 h6 18.Nh3 Kh7 19.Bf4 Nxf4 20.Nxf4 Bxb2 21.Qg6+ Kh8 22.Rad1 Qc7
23.Rd6 Bd7 24.Re7 Rae8 25.Qxh6+  1-0

[Event "Nice olm fin-B"]
[Site "Nice"]
[Date "1974.??.??"]
[Round "14"]
[White "Pytel, Krzysztof"]
[Black "Biyiasas, Peter"]
[Result "1/2-1/2"]
[WhiteElo "2405"]
[BlackElo "2420"]

1.d4 d5 2.c4 c6 3.Nf3 Nf6 4.Nc3 e6 5.e3 Nbd7 6.Bd3 Bd6 7.e4 dxe4 8.Nxe4 Nxe4
9.Bxe4 Nf6 10.Bc2 Bb4+ 11.Bd2 Qa5 12.a3 Bxd2+ 13.Qxd2 Qxd2+ 14.Kxd2 b5 15.Ne5 Bb7
16.Bd3 bxc4 17.Bxc4 Ke7 18.Rac1 Rhd8 19.Ke3 Rac8 20.b4 Nd5+ 21.Bxd5 cxd5
22.Rc5 f6 23.Nd3 Rxc5 24.Nxc5 Bc8 25.b5 Kd6 26.f4 Re8 27.Re1 g6 28.a4 e5
29.fxe5+ fxe5 30.Nd3 exd4+ 31.Kxd4 Re4+ 32.Rxe4 dxe4 33.Nf2 e3 34.Ne4+ Kc7
35.Kxe3 Kb6 36.g3 Bf5 37.Kd4 Bxe4 38.Kxe4 Ka5 39.Kd5 Kxa4 40.Kc4 g5 41.g4 h6
42.h3 Ka3 43.Kc3 Ka4 44.Kc4 Ka3  1/2-1/2

[Event "Nice olm fin-B"]
[Site "Nice"]
[Date "1974.??.??"]
[Round "20"]
[White "Toth, Bela"]
[Black "Silva, Fernando"]
[Result "1-0"]
[WhiteElo "2385"]
[BlackElo "2290"]

1.d4 d5 2.c4 e6 3.Nc3 c6 4.Nf3 Nf6 5.e3 Nbd7 6.Bd3 dxc4 7.Bxc4 b5 8.Bd3 Bb7
9.Qe2 b4 10.Na4 Qa5 11.b3 c5 12.dxc5 Bc6 13.O-O Bxa4 14.bxa4 Bxc5 15.e4 e5
16.Bg5 O-O 17.Bb5 a6 18.Bc6 Ra7 19.Rad1 Rc8 20.Bxd7 Nxd7 21.Rd5 f6 22.Rfd1 fxg5
23.Rxd7 Rxd7 24.Rxd7 Bd4 25.Qd1 Qxa4 26.Rd8+ Kf7 27.Nxe5+ Kf6 28.Qf3+  1-0

[Event "Rubinstein mem"]
[Site "Polanica Zdroj"]
[Date "1974.??.??"]
[Round "1"]
[White "Garcia Martinez, Silvino"]
[Black "Rogoff, Kenneth"]
[Result "1/2-1/2"]
[WhiteElo "2400"]
[BlackElo "2445"]

1.c4 Nf6 2.Nc3 c6 3.Nf3 d5 4.d4 e6 5.e3 Nbd7 6.Qc2 Bb4 7.Bd2 O-O 8.O-O-O Qe7
9.a3 Ba5 10.Kb1 dxc4 11.Bxc4 e5 12.Ba2 Bxc3 13.Bxc3 e4 14.Ne5 a5 15.Rc1 Nb8
16.Nc4 Qc7 17.h3 Be6 18.g4 Nbd7 19.Ne5 Bxa2+ 20.Kxa2 Rfe8 21.g5 Nd5 22.Qxe4 Nxe5
23.dxe5 Nxc3+ 24.Rxc3 Rxe5 25.Qf4 Qe7 26.h4 Rd8 27.Rhc1 c5 28.Qc4 b6 29.Rd3 Rxd3  1/2-1/2

[Event "Rimavska Sobota"]
[Site "Rimavska Sobota"]
[Date "1974.??.??"]
[Round "15"]
[White "Kluger, Gyula"]
[Black "Blatny, Frantisek"]
[Result "1/2-1/2"]
[WhiteElo "2370"]
[BlackElo "2345"]

1.d4 Nf6 2.c4 e6 3.Nc3 d5 4.Nf3 c6 5.e3 Nbd7 6.Bd3 Bd6 7.e4 dxe4 8.Nxe4 Nxe4
9.Bxe4 e5 10.O-O exd4 11.Qxd4 Qf6 12.Bg5 Qxd4 13.Nxd4 h6 14.Bh4 O-O 15.Rad1 Bc5
16.Rfe1 g5 17.Bg3 Nb6 18.Nf5 Bxf5 19.Bxf5  1/2-1/2

[Event "CSR-ch"]
[Site "Rimavska Sobota"]
[Date "1974.??.??"]
[Round "15"]
[White "Lechtynsky, Jiri"]
[Black "Meduna, Eduard"]
[Result "1-0"]
[WhiteElo "2390"]
[BlackElo "2285"]

1.d4 Nf6 2.c4 c6 3.Nf3 d5 4.e3 e6 5.Nc3 Be7 6.Bd3 Nbd7 7.O-O O-O 8.Qe2 dxc4
9.Bxc4 b5 10.Bd3 b4 11.Ne4 c5 12.Nxf6+ Nxf6 13.e4 Bb7 14.dxc5 Nd7 15.c6 Bxc6
16.Be3 Bc5 17.Rac1 Bxe3 18.Qxe3 Bb7 19.Rfd1 Qb6 20.Qf4 Rac8 21.Bc2 Nc5 22.e5 h6
23.Nd2 Rfd8 24.Nc4 Qc6 25.Ne3 a5 26.h4 Qb5 27.Rxd8+ Rxd8 28.Nc4 Qc6 29.f3 Qc7
30.Qe3 Rd5 31.Nd6 Ba6 32.Be4 Rxe5 33.Bh7+  1-0

[Event "Sombor"]
[Site "Sombor"]
[Date "1974.??.??"]
[Round "3"]
[White "Bisguier, Arthur Bernard"]
[Black "Ljuca, Mirsad"]
[Result "1-0"]
[WhiteElo "2435"]
[BlackElo "2200"]

1.d4 d5 2.c4 e6 3.Nc3 Nf6 4.Nf3 c6 5.e3 Be7 6.b3 O-O 7.Bd3 Nbd7 8.O-O Re8
9.Bb2 Bd6 10.Qc2 Qe7 11.Rae1 dxc4 12.bxc4 h6 13.Nd2 e5 14.Nce4 Nxe4 15.Nxe4 Bc7
16.f4 exf4 17.exf4 Qd8 18.d5 Rf8 19.d6 Ba5 20.Rd1 c5 21.Rf3 f6 22.Rg3 Kh8
23.Nc3 Bxc3 24.Bxc3 Nb6 25.Bf1 Qd7 26.Re1 Re8 27.Bxf6 Rxe1 28.Qg6  1-0

[Event "Sombor"]
[Site "Sombor"]
[Date "1974.??.??"]
[Round "14"]
[White "Bisguier, Arthur Bernard"]
[Black "Rukavina, Josip"]
[Result "1/2-1/2"]
[WhiteElo "2435"]
[BlackElo "2450"]

1.d4 d5 2.c4 c6 3.Nc3 Nf6 4.e3 e6 5.Nf3 Nbd7 6.Bd3 Bb4 7.a3 Ba5 8.O-O O-O
9.Qc2 h6 10.Bd2 dxc4 11.Bxc4 Bc7 12.Ba2 e5 13.dxe5 Nxe5 14.Nxe5 Bxe5 15.f4 Bc7
16.h3 Bf5 17.Qd1 Re8 18.Rf3 Qd7 19.Be1 Qxd1 20.Rxd1 Rad8 21.Rxd8 Bxd8 22.g4 Be6
23.Bxe6 Rxe6 24.Kf1 c5 25.Ke2 a6 26.f5 Re8 27.a4 Ba5 28.Rf1 h5 29.gxh5 Nxh5
30.Kd3 c4+ 31.Kxc4 Rxe3 32.b4 Bd8 33.h4 Ng3 34.Bxg3 Rxg3 35.Rd1 Rg4+ 36.Rd4 Rxd4+
37.Kxd4 Bxh4 38.Ne4 Be7 39.Nc5 g5 40.fxg6 fxg6 41.b5 Bxc5+ 42.Kxc5 g5 43.a5 g4
44.Kb6 g3 45.Kxb7 axb5 46.a6 g2 47.a7 g1=Q 48.a8=Q+ Kh7 49.Qa3  1/2-1/2

[Event "SWE-ch"]
[Site "?"]
[Date "1974.??.??"]
[Round "1"]
[White "Ljungdahl, John"]
[Black "Ekenberg, Bengt"]
[Result "1-0"]
[WhiteElo "2210"]
[BlackElo "2280"]

1.d4 d5 2.Nf3 e6 3.c4 c6 4.Nc3 Nf6 5.e3 Nbd7 6.Qc2 Be7 7.b3 O-O 8.Be2 b6
9.O-O Bb7 10.Rd1 Rc8 11.Bb2 Qc7 12.Rac1 Rfd8 13.Bd3 g6 14.Qe2 Qb8 15.e4 dxe4
16.Nxe4 Nxe4 17.Bxe4 Bf6 18.Rc2 c5 19.Bxb7 Qxb7 20.Rcd2 Nf8 21.Ne5 cxd4 22.Bxd4 Bg7
23.Ng4 Qe7 24.Bxg7 Rxd2 25.Bf6 h5 26.Qxd2 Qd7 27.Qc1 hxg4 28.Rxd7 Nxd7 29.Bb2  1-0

[Event "SWE-ch"]
[Site "?"]
[Date "1974.??.??"]
[Round "7"]
[White "Ljungdahl, John"]
[Black "Helmertz, Per Inge"]
[Result "1/2-1/2"]
[WhiteElo "2210"]
[BlackElo "2235"]

1.Nf3 Nf6 2.d4 d5 3.c4 c6 4.e3 e6 5.Nc3 Nbd7 6.Qc2 Bd6 7.b3 O-O 8.Be2 e5
9.cxd5 cxd5 10.dxe5 Nxe5 11.O-O Nxf3+ 12.Bxf3 Bg4 13.Bxg4 Nxg4 14.h3 Nf6
15.Bb2 Rc8 16.Qd3 Be5 17.Rab1 Qa5 18.Nxd5 Nxd5 19.Bxe5 Nb4 20.Bc3 Nxd3 21.Bxa5 Rc2
22.a3 b6 23.Rbd1 Rd8 24.Bb4 f5 25.Rfe1 Kf7 26.a4 a5 27.Ba3 Rc3 28.Re2 Rxb3
29.Bb2 Nf4 30.Red2 Rbd3 31.Rxd3 Nxd3 32.Kf1 Rd7 33.Ke2 Nc5 34.Rxd7+ Nxd7
35.Bd4 Ke6 36.Bxg7 Nc5 37.g4 Nxa4 38.Bd4 Nc5 39.Bxc5 bxc5  1/2-1/2

[Event "URS Cup"]
[Site "Tbilisi"]
[Date "1974.??.??"]
[Round "?"]
[White "Gufeld, Eduard"]
[Black "Shereshevski, Mikhail"]
[Result "0-1"]
[WhiteElo "2535"]
[BlackElo "2415"]

1.Nf3 d5 2.c4 c6 3.e3 Nf6 4.Nc3 e6 5.d4 Nbd7 6.Bd3 Bb4 7.O-O O-O 8.a3 Bd6
9.e4 dxc4 10.Bxc4 e5 11.Ba2 h6 12.h3 exd4 13.Nxd4 Nc5 14.f3 Re8 15.Be3 a5
16.Qc2 Qc7 17.Ndb5 Bh2+ 18.Kh1 Qb8 19.Bxc5 cxb5 20.Nxb5 Bf4 21.Rfd1 Ra6 22.Nc3 Bxh3
23.Nd5 Nxd5 24.exd5 Qc8 25.Re1 Rxe1+ 26.Rxe1 Rg6 27.Re2 Bxg2+ 28.Rxg2 Qh3+
29.Kg1 Bh2+ 30.Kf1 Qxf3+ 31.Qf2 Qd1+ 32.Qe1 Qxe1+ 33.Kxe1 Rxg2 34.d6 Rxb2
35.d7 Bc7 36.Bd6 Bd8 37.Bc4 b5  0-1

[Event "IBM"]
[Site "Amsterdam"]
[Date "1975.??.??"]
[Round "13"]
[White "Gheorghiu, Florin"]
[Black "Bohm, Hans"]
[Result "1-0"]
[WhiteElo "2540"]
[BlackElo "2300"]

1.d4 d5 2.c4 c6 3.Nc3 Nf6 4.e3 e6 5.Nf3 Nbd7 6.Bd3 Bd6 7.O-O O-O 8.e4 dxc4
9.Bxc4 e5 10.h3 b5 11.Bd3 exd4 12.Nxd4 Ne5 13.Bc2 b4 14.Na4 c5 15.Ne2 Be7
16.f4 Ng6 17.e5 Nd7 18.Be4 Rb8 19.Be3 Qa5 20.a3 Rd8 21.axb4 Qxb4 22.Qc2 Nb6
23.Nac3 Nc4 24.Bc1 Nb6 25.Rxa7 c4 26.Kh1 Qc5 27.Na4 Nxa4 28.Rxa4 Rb4 29.Nc3 Rxa4
30.Nxa4 Qa7 31.Nc3 Bb7 32.Qe2 Bxe4 33.Qxe4 Qc5 34.Be3 Qc7 35.Nd5 Qd7 36.Rd1 Kh8
37.Qxc4 Qf5 38.Kh2 Bf8 39.Rd2 Rc8 40.Qd3 Qe6 41.b4  1-0

[Event "CSR-ch"]
[Site "Brno"]
[Date "1975.??.??"]
[Round "5"]
[White "Estevez, Guillermo"]
[Black "Neckar, Lubomir"]
[Result "1-0"]
[WhiteElo "2330"]
[BlackElo "2200"]

1.d4 d5 2.c4 e6 3.Nc3 Nf6 4.Nf3 c6 5.e3 Nbd7 6.Bd3 dxc4 7.Bxc4 b5 8.Bd3 b4
9.Ne4 Nxe4 10.Bxe4 Qb6 11.Nd2 Ba6 12.b3 Rc8 13.Nc4 Qb8 14.Bb2 Be7 15.O-O O-O
16.f4 Rfd8 17.Qf3 f5 18.Bxc6 Nb6 19.Rfc1 Nxc4 20.bxc4 Qb6 21.d5 Bc5 22.Qg3 Bxe3+
23.Kh1 Rc7 24.Qg5 Rdc8 25.Rd1 Bxc4 26.dxe6 Qxc6 27.Rd8+ Qe8 28.Rxe8+ Rxe8
29.Re1 Bf2 30.e7 g6 31.Qf6  1-0

[Event "Club Argentino"]
[Site "Buenos Aires"]
[Date "1975.??.??"]
[Round "4"]
[White "De la Vega, Hector"]
[Black "Rossetto, Hector"]
[Result "1/2-1/2"]
[WhiteElo "2360"]
[BlackElo "2430"]

1.d4 Nf6 2.Nf3 d5 3.c4 e6 4.Nc3 c6 5.e3 Nbd7 6.Bd3 a6 7.O-O b5 8.b3 Bb4 9.Bd2 Qe7
10.Qe1 Bd6 11.e4 dxc4 12.bxc4 e5 13.cxb5 cxb5 14.dxe5 Nxe5 15.Nxe5 Qxe5 16.f4 Qd4+
17.Be3 Qxd3 18.Rd1 Qc4 19.Rxd6 Bb7  1/2-1/2

[Event "URS-ch otbor"]
[Site "Cheliabinsk"]
[Date "1975.??.??"]
[Round "?"]
[White "Butnorius, Algimantas"]
[Black "Panchenko, Alexander N"]
[Result "0-1"]
[WhiteElo "2385"]
[BlackElo "2435"]

1.d4 Nf6 2.Nf3 d5 3.c4 e6 4.Nc3 c6 5.e3 Nbd7 6.Bd3 dxc4 7.Bxc4 b5 8.Bb3 b4
9.Ne2 Bb7 10.O-O Bd6 11.Nf4 O-O 12.Ng5 Bxf4 13.exf4 c5 14.Be3 h6 15.Nf3 Rc8
16.Rc1 Ng4 17.Bd2 a5 18.h3 Ngf6 19.Be3 Qe7 20.Re1 Rfd8 21.f5 e5 22.Bf4 Bxf3
23.Qxf3 cxd4 24.Rxc8 Rxc8 25.Qb7 Qd8 26.Bxe5 Nxe5 27.Rxe5 Rc1+  0-1

[Event "SVK-ch"]
[Site "Hlohovec"]
[Date "1975.??.??"]
[Round "12"]
[White "Kozma, Julius"]
[Black "Rakay, Kvetoslav"]
[Result "1-0"]
[WhiteElo "2380"]
[BlackElo "2200"]

1.d4 d5 2.c4 c6 3.Nf3 Nf6 4.Nc3 e6 5.e3 Nbd7 6.Bd3 dxc4 7.Bxc4 b5 8.Bd3 b4
9.Ne4 Bb7 10.Nxf6+ Nxf6 11.e4 Be7 12.O-O O-O 13.Qe2 c5 14.dxc5 Nd7 15.c6 Bxc6
16.Be3 Qa5 17.Nd4 Bb7 18.Nb3 Qd8 19.Rfd1 Qb8 20.Na5 Nc5 21.Bc4 Qc7 22.Nxb7 Qxb7
23.f3 Rfd8 24.Rxd8+ Rxd8 25.Rd1 Qc7 26.Rxd8+ Qxd8 27.b3 h6 28.Qd2 Qb8 29.g3 Qb7
30.Kg2 a5 31.Qc2 Kf8 32.Be2 Qc6 33.Qc4 Ke8 34.Qb5 Kd7 35.Qxa5 Nb7 36.Qb5 Kc7
37.Qxc6+ Kxc6 38.h4 Nd6 39.h5 Nb5 40.Bxb5+ Kxb5 41.Bd4 Bf6 42.Be3 Bc3 43.Kf2 Bf6
44.Ke2 Be7 45.Kd3 f6 46.f4 Bd6 47.Bc1 Bc5 48.g4 Bd6 49.g5 fxg5 50.fxg5 hxg5
51.Bxg5 Kc5 52.Bc1 Be5 53.a4 bxa3 54.Bxa3+ Kb5 55.Kc2 Bf4 56.Bb2 Bh6 57.Bc3 Kb6
58.b4 Kc6 59.Kb3 Kb5 60.Bd4  1-0

[Event "Las Palmas"]
[Site "Las Palmas"]
[Date "1975.??.??"]
[Round "5"]
[White "Visier Segovia, Fernando"]
[Black "Pomar Salamanca, Arturo"]
[Result "1/2-1/2"]
[WhiteElo "2375"]
[BlackElo "2450"]

1.d4 d5 2.c4 c6 3.Nf3 Nf6 4.Nc3 e6 5.e3 Nbd7 6.Bd3 dxc4 7.Bxc4 b5 8.Bd3 b4
9.Ne4 c5 10.Qa4 Bb7 11.Nxf6+ gxf6 12.dxc5 Bxc5 13.O-O Rg8 14.e4 Qb6  1/2-1/2

[Event "Lone Pine"]
[Site "Lone Pine"]
[Date "1975.??.??"]
[Round "3"]
[White "Commons, Kim S"]
[Black "Rossetto, Hector"]
[Result "1-0"]
[WhiteElo "2415"]
[BlackElo "2430"]

1.Nf3 d5 2.c4 c6 3.e3 Nf6 4.Nc3 e6 5.d4 Be7 6.Bd3 O-O 7.O-O dxc4 8.Bxc4 Nbd7
9.e4 b5 10.Bd3 b4 11.Na4 Qa5 12.e5 Nd5 13.Qc2 Ba6 14.Bxh7+ Kh8 15.Re1 g6
16.Bxg6 fxg6 17.Qxg6 Rxf3 18.Qh6+ Kg8 19.Re4 Rf4 20.Qxe6+ Kf8 21.Bxf4 Qxa4
22.Qxd7 Bc8 23.Bh6+ Kf7 24.e6+ Kg6 25.Qe8+ Kxh6 26.Qh8+  1-0

[Event "Manila"]
[Site "Manila"]
[Date "1975.??.??"]
[Round "2"]
[White "Polugaevsky, Lev"]
[Black "Mecking, Henrique"]
[Result "1-0"]
[WhiteElo "2645"]
[BlackElo "2610"]

1.d4 d5 2.c4 c6 3.Nf3 Nf6 4.Nc3 e6 5.e3 Nbd7 6.Bd3 dxc4 7.Bxc4 b5 8.Bd3 Bb7
9.e4 b4 10.Na4 c5 11.e5 Nd5 12.Nxc5 Nxc5 13.dxc5 Bxc5 14.O-O h6 15.Nd2 Nc3
16.Qc2 Qd5 17.Nf3 Rd8 18.Ne1 Bd4 19.Bd2 Nb5 20.Bxb4 Bb6 21.Qc4 Nd4 22.Qxd5 Rxd5
23.Bd6 Nf5 24.Bc4 Rd4 25.Bb5+ Kd8 26.Ba3 Rd5 27.Bc4 Rxe5 28.Nd3 Re4 29.Rfd1 Kc7
30.Rac1 Kb8 31.Nc5 Rd4 32.Nd7+ Ka8 33.Nxb6+ axb6 34.Rxd4 Nxd4 35.Rd1 Rd8
36.Kf1 e5 37.b3 Ka7 38.Bb2 Ba6 39.Bxa6 Kxa6 40.Bxd4 exd4 41.Ke2 Kb5 42.Rc1 Ra8
43.Rc2 Ra7 44.Kd3 Kb4 45.Kxd4 b5 46.g4 Ka3 47.f4 b4 48.h4 Re7 49.h5 Re1 50.Rc7 Rg1
51.Rxf7 Rxg4 52.Ra7+ Kb2 53.Ke5 Rg2 54.Kf5 Kb1 55.Rb7 Kxa2 56.Rxb4 Kb2 57.Rb6 Rc2
58.Kg6  1-0

[Event "Manila"]
[Site "Manila"]
[Date "1975.??.??"]
[Round "5"]
[White "Pfleger, Helmut"]
[Black "Polugaevsky, Lev"]
[Result "1/2-1/2"]
[WhiteElo "2540"]
[BlackElo "2645"]

1.c4 Nf6 2.Nc3 e6 3.Nf3 d5 4.d4 c6 5.e3 Nbd7 6.cxd5 exd5 7.Bd3 Bd6 8.O-O O-O
9.Qc2 Re8 10.Re1 c5 11.b3 cxd4 12.exd4 Rxe1+ 13.Nxe1 Nf8 14.Nb5 Bb8 15.Nf3 Ng6
16.Bg5 Bg4 17.Ne5 Nxe5 18.dxe5 Bxe5 19.Bxh7+ Kh8 20.Re1 Qd7 21.Bd3 Re8 22.Qc1 a6  1/2-1/2

[Event "Manila"]
[Site "Manila"]
[Date "1975.??.??"]
[Round "9"]
[White "Ogaard, Leif"]
[Black "Karaklajic, Nikola"]
[Result "1-0"]
[WhiteElo "2460"]
[BlackElo "2445"]

1.c4 Nf6 2.Nc3 e6 3.Nf3 d5 4.d4 c6 5.e3 Nbd7 6.Bd3 a6 7.e4 dxc4 8.Bxc4 c5
9.e5 Ng4 10.Ng5 cxd4 11.Nxf7 Qh4 12.g3 Qh5 13.Nxh8 dxc3 14.Be2 Bb4 15.Kf1 Qh3+
16.Kg1 Ndxe5 17.Bf1 Qh5 18.h3 Nf6 19.g4 Qh4 20.Bg2 Bc5 21.Qe2 Qxf2+ 22.Qxf2 Bxf2+
23.Kxf2 cxb2 24.Bxb2 Nd3+ 25.Kg3 Nxb2 26.Rab1 Nc4 27.Bxb7 Bxb7 28.Rxb7 Ne4+
29.Kg2 O-O-O 30.Rb4 Rd2+ 31.Kf3 Rd4 32.Rc1 Kd7 33.Rb7+ Kc6 34.Rxg7 Kd5 35.Rd7+ Ned6
36.Nf7 Rd3+ 37.Ke2 Rd2+ 38.Ke1 Rxa2 39.Rxc4 Kxc4 40.Rxd6 Ra3 41.h4 Kc5 42.Rxe6 Ra4
43.Nh6 Kd5 44.Rf6 a5 45.Rf7 Ke4 46.Kd2 Ra2+ 47.Kc3 Ra3+ 48.Kb2 Rh3 49.h5 Ke5
50.Rxh7 Kf6 51.Ng8+ Ke6 52.Rg7 a4 53.h6 Kd5 54.Rg5+ Ke6 55.Rh5 Rxh5 56.gxh5 Kf7
57.Ne7  1-0

[Event "Manila"]
[Site "Manila"]
[Date "1975.??.??"]
[Round "11"]
[White "Polugaevsky, Lev"]
[Black "Karaklajic, Nikola"]
[Result "1-0"]
[WhiteElo "2645"]
[BlackElo "2445"]

1.c4 Nf6 2.Nf3 c6 3.d4 d5 4.Nc3 e6 5.e3 Nbd7 6.Bd3 a6 7.e4 dxc4 8.Bxc4 c5
9.d5 Nb6 10.Bb3 exd5 11.e5 Nfd7 12.Nxd5 c4 13.Bg5 Bb4+ 14.Kf1 f6 15.exf6 gxf6
16.Nxf6+ Nxf6 17.Qxd8+ Kxd8 18.Bxf6+ Ke8 19.Bxh8 cxb3 20.axb3 Bf5 21.Bc3 Nd5
22.Bxb4 Bd3+ 23.Kg1 Nxb4 24.h4 Kf8 25.Rh3 Bf5 26.Rg3 Rd8 27.Ra4 Rd1+ 28.Kh2 Nd3
29.Ne5 Nxe5 30.Rf4 Ke7 31.Rxf5 Ke6 32.Rh5 Nd3 33.Rh6+  1-0

[Event "FRG-ch International"]
[Site "Mannheim"]
[Date "1975.??.??"]
[Round "6"]
[White "Eising, Johannes"]
[Black "Mednis, Edmar John"]
[Result "1-0"]
[WhiteElo "2415"]
[BlackElo "2455"]

1.c4 Nf6 2.Nc3 e6 3.Nf3 d5 4.d4 c6 5.e3 Nbd7 6.Bd3 dxc4 7.Bxc4 b5 8.Bd3 Bb7
9.e4 b4 10.Na4 c5 11.e5 Nd5 12.O-O cxd4 13.Re1 Be7 14.Nxd4 Qa5 15.Bd2 O-O
16.a3 Rfd8 17.Rc1 N7b6 18.Nc5 Bxc5 19.Nb3 Bxf2+ 20.Kxf2 Qa4 21.Nc5 Qxd1 22.Rexd1 Rdb8
23.axb4 Ne7 24.Bg5 Ned5 25.b5 h6 26.Bd2 Ne7 27.Bb4 Ned5 28.Bd2 Ne7 29.g3 Bd5
30.Bb4 Ng6 31.Na6 Rc8 32.Bd6 Nc4 33.Bxg6 fxg6 34.Nc7 Rxc7 35.Bxc7 Rf8+ 36.Kg1 Rf7
37.Bd6 Rb7 38.b3 Na5 39.Rc8+ Kh7 40.b4 Nc4 41.Ra1 Nd2 42.Rc7 Nf3+ 43.Kf2 Rxc7
44.Bxc7 Nd4 45.Bb8 Nxb5 46.Bxa7 h5 47.Be3 g5 48.Bxg5 Kg6 49.Be7 Kf5 50.Bd6 Ke4
51.Rc1 Bb3 52.Rc5 Ba4 53.Rc8 Nd4 54.Rg8 Nf5 55.Rh8 Nh6 56.h3 Kd5 57.Rh7  1-0

[Event "URS-chT"]
[Site "Riga"]
[Date "1975.??.??"]
[Round "?"]
[White "Grigorian, Levon Ashotovich"]
[Black "Nei, Iivo"]
[Result "1/2-1/2"]
[WhiteElo "2490"]
[BlackElo "2495"]

1.d4 d5 2.c4 e6 3.Nc3 c6 4.e3 Nf6 5.Nf3 Nbd7 6.Bd3 dxc4 7.Bxc4 b5 8.Be2 b4
9.Na4 Bb7 10.O-O c5 11.dxc5 Bxc5 12.Nxc5 Nxc5 13.Bb5+ Ke7 14.Qe2 Qb6 15.b3 Ba6
16.Bxa6 Qxa6 17.Qxa6 Nxa6 18.Bb2 Nc5 19.Rfd1 Rhc8 20.Kf1 a5 21.Rac1 Ncd7
22.Rxc8 Rxc8 23.Rc1  1/2-1/2

[Event "Rimavska Sobota"]
[Site "Rimavska Sobota"]
[Date "1975.??.??"]
[Round "3"]
[White "Farago, Ivan"]
[Black "Plachetka, Jan"]
[Result "1/2-1/2"]
[WhiteElo "2460"]
[BlackElo "2430"]

1.d4 Nf6 2.c4 c6 3.Nc3 d5 4.e3 e6 5.Nf3 Nbd7 6.Bd3 dxc4 7.Bxc4 b5 8.Bd3 b4
9.Ne4 Bb7 10.Nxf6+ Nxf6 11.O-O Be7 12.e4 O-O 13.Qe2 c5 14.dxc5 Nd7  1/2-1/2

[Event "Rimavska Sobota"]
[Site "Rimavska Sobota"]
[Date "1975.??.??"]
[Round "6"]
[White "Adamski, Jan"]
[Black "Baumbach, Friedrich"]
[Result "1/2-1/2"]
[WhiteElo "2415"]
[BlackElo "2395"]

1.c4 c6 2.Nc3 d5 3.d4 Nf6 4.e3 e6 5.Nf3 Nbd7 6.Qc2 Bd6 7.b3 O-O 8.Bb2 e5
9.cxd5 cxd5 10.dxe5 Nxe5 11.Be2 Bg4 12.Nxe5 Bxe5 13.Bxg4 Nxg4 14.h3 Nf6  1/2-1/2

[Event "Stary Smokovec"]
[Site "Stary Smokovec"]
[Date "1975.??.??"]
[Round "2"]
[White "Knezevic, Milorad"]
[Black "Kupreichik, Viktor D"]
[Result "1-0"]
[WhiteElo "2425"]
[BlackElo "2460"]

1.d4 d5 2.c4 c6 3.Nf3 e6 4.e3 Nf6 5.Nc3 Nbd7 6.Qc2 Bd6 7.e4 dxe4 8.Nxe4 Nxe4
9.Qxe4 Bb4+ 10.Bd2 Bxd2+ 11.Nxd2 O-O 12.O-O-O e5 13.dxe5 Qa5 14.Bd3 g6 15.Bb1 Nxe5
16.Rhe1 f6 17.Qh4 Qc5 18.f4 Ng4 19.Re2 Kg7 20.Rde1 Rf7 21.Re8 b5 22.Bxg6 Kxg6
23.Rxc8 Nf2 24.Rxa8 Nd3+ 25.Kb1 Qf5 26.g4 Qxf4 27.Rg8+  1-0